Google Logo Colors Minefield Quiz Stats

 Plays Quiz Updated Dec 31, 2018

     
Support Sporcle.
Go Orange.
Score 0/6 Timer 00:30
0 Plays Today
Letter Color % Correct
G???
99.3%
O???
77.6%
O ???
64.8%
G ???
42.5%
L???
35.9%
E???
31.5%

From the Vault

From Page to Picture

by Foxworth

Movies 8m
It's hard to satisfy the book lovers, but we sure do love seeing our favorite characters come to life.
Remove Ads.
Support Sporcle.
Get the best of Sporcle when you Go Orange. This ad-free experience offers more features, more stats, and more fun while also helping to support Sporcle. Thank you for becoming a member.

Show Comments

Extras

Top Quizzes Today


Score Distribution

Your Account Isn't Verified!

In order to create a playlist on Sporcle, you need to verify the email address you used during registration. Go to your Sporcle Settings to finish the process.

Report this User

Report this user for behavior that violates our Community Guidelines.

Details: